[Event "HUN-chT2 Barcza 2324"]
[Site "Hungary"]
[Date "2024.04.07"]
[Round "7.10"]
[White "Fazekas, Istvan"]
[Black "Gajdacs, Jonathan"]
[Result "1-0"]
[WhiteElo "1876"]
[BlackElo "1657"]
[PlyCount "111"]
[EventDate "2023.10.08"]
[EventType "team-tourn"]
[EventRounds "9"]
[EventCountry "HUN"]
[SourceTitle "EXT 2025"]
[Source "ChessBase"]
[SourceDate "2024.10.14"]
[SourceVersion "1"]
[SourceVersionDate "2024.10.14"]
[SourceQuality "1"]
[WhiteTeam "Kazincbarcika"]
[BlackTeam "Debrecen Sakkiskola"]
[WhiteTeamCountry "HUN"]
[BlackTeamCountry "HUN"]

1. e4 c5 2. Nf3 Nc6 3. d4 cxd4 4. Nxd4 e6 5. Be3 Nf6 6. Bd3 d5 7. Nd2 Be7 8. c3 e5 9. N4b3 0-0 10. h3 Be6 11. Bc5 dxe4 12. Bxe7 Qxe7 13. Nxe4 Rfd8 14. Qc2 h6 15. Qe2 Nxe4 16. Bxe4 Bd5 17. 0-0 Rd6 18. Bxd5 Rxd5 19. Rad1 Rad8 20. Rxd5 Rxd5 21. Rd1 Qd6 22. Rxd5 Qxd5 23. Qd2 Qxd2 24. Nxd2 Kf8 25. Kf1 Ke7 26. Ke2 Ke6 27. Ne4 b6 28. Kd3 Kd5 29. f3 f5 30. Nd2 Nd8 31. Nf1 g6 32. Ne3+ Kd6 33. Kc4 a6 34. Kd3 b5 35. a4 Ne6 36. axb5 axb5 37. c4 b4 38. Nd5 Kc5 39. h4 Nf4+ 40. Nxf4 exf4 41. b3 h5 42. Ke2 Kd6 43. g3 fxg3 44. f4 Kc5 45. Ke3 g2 46. Kf2 g1Q+ 47. Kxg1 Kd4 48. Kf2 Kc3 49. c5 Kxb3 50. c6 Ka2 51. c7 b3 52. c8Q b2 53. Qa6+ Kb3 54. Qb5+ Kc3 55. Ke2 Kc2 56. Qd3+ 1-0

[Event "HUN-chT2 Barcza 2223"]
[Site "Hungary"]
[Date "2023.03.26"]
[Round "6.10"]
[White "Fazekas, Istvan"]
[Black "Varga, Mira Adel"]
[Result "1-0"]
[WhiteElo "1747"]
[BlackElo "1155"]
[PlyCount "69"]
[EventDate "2022.11.20"]
[EventType "team-tourn"]
[EventRounds "7"]
[EventCountry "HUN"]
[SourceTitle "EXT 2025"]
[Source "ChessBase"]
[SourceDate "2024.10.14"]
[SourceVersion "1"]
[SourceVersionDate "2024.10.14"]
[SourceQuality "1"]
[WhiteTeam "Kazincbarcika"]
[BlackTeam "Nyiregyhaza VSC"]
[WhiteTeamCountry "HUN"]
[BlackTeamCountry "HUN"]

1. e4 e5 2. Nf3 Nc6 3. Bc4 Nf6 4. d3 h6 5. Nc3 Bc5 6. Be3 Bb6 7. h3 d6 8. Qd2 Bxe3 9. fxe3 Be6 10. Bb3 Bxb3 11. axb3 0-0 12. 0-0 Qd7 13. Nh4 Ne7 14. Qf2 c6 15. Qg3 Kh8 16. Nf5 Nxf5 17. exf5 Rg8 18. Qh4 d5 19. Ne2 e4 20. d4 Kh7 21. g4 Qd6 22. Kh1 Rgf8 23. Nf4 g5 24. fxg6+ fxg6 25. g5 Ng8 26. Rg1 h5 27. Raf1 Ne7 28. Nxh5 gxh5 29. Qxh5+ Kg7 30. Rf6 Qd7 31. Rgf1 Rxf6 32. gxf6+ Kg8 33. Qg5+ Kf7 34. fxe7+ Ke6 35. Rf6+ 1-0

[Event "HUN-chT2 Barcza 2223"]
[Site "Hungary"]
[Date "2022.12.04"]
[Round "2.8"]
[White "Fazekas, Istvan"]
[Black "Laskai, Gabor"]
[Result "1-0"]
[WhiteElo "1747"]
[BlackElo "1589"]
[PlyCount "111"]
[EventDate "2022.11.20"]
[EventType "team-tourn"]
[EventRounds "7"]
[EventCountry "HUN"]
[SourceTitle "EXT 2025"]
[Source "ChessBase"]
[SourceDate "2024.10.14"]
[SourceVersion "1"]
[SourceVersionDate "2024.10.14"]
[SourceQuality "1"]
[WhiteTeam "Kazincbarcika"]
[BlackTeam "Nyiregyhaza ESE"]
[WhiteTeamCountry "HUN"]
[BlackTeamCountry "HUN"]

1. e4 c5 2. Nf3 Nc6 3. d4 cxd4 4. Nxd4 e5 5. Nf3 Bc5 6. Bd3 d6 7. h3 Be6 8. Nc3 Qd7 9. Na4 Bb4+ 10. c3 Ba5 11. Be3 Nf6 12. b4 Bc7 13. Bg5 h6 14. Bxf6 gxf6 15. Qc2 Rg8 16. Rh2 a6 17. Nb2 Ke7 18. Kf1 Rg7 19. Bc4 b5 20. Bxe6 fxe6 21. Rd1 Kf7 22. Qd2 Rh7 23. Nd3 Qe7 24. g3 Rd8 25. Nh4 Rg8 26. Rg2 Nb8 27. f4 exf4 28. Nxf4 Nd7 29. Re1 Ne5 30. Qd4 Rhg7 31. Nh5 Rg5 32. g4 Nc4 33. Rf2 R5g6 34. Nxg6 Rxg6 35. Qa7 Bb6 36. Qxe7+ Kxe7 37. Nf4 Bxf2 38. Nxg6+ Kf7 39. Nh8+ Kg7 40. Kxf2 Kxh8 41. Ke2 Kg7 42. Kf3 Ne5+ 43. Kg3 Kg6 44. a4 Nc4 45. axb5 axb5 46. Re2 Nb6 47. Rd2 d5 48. Kf4 Kf7 49. exd5 Nxd5+ 50. Rxd5 exd5 51. Kf5 Ke7 52. Kg6 Ke6 53. Kxh6 Ke5 54. Kg6 d4 55. cxd4+ Kxd4 56. Kxf6 1-0

[Event "HUN-chT BAZ megyei CSB 2122"]
[Site "Hungary"]
[Date "2022.02.20"]
[Round "7.3"]
[White "Fazekas, Istvan"]
[Black "Repassy, Attila"]
[Result "1-0"]
[WhiteElo "1674"]
[BlackElo "1905"]
[PlyCount "77"]
[EventDate "2021.10.17"]
[EventType "team-tourn"]
[EventRounds "9"]
[EventCountry "HUN"]
[SourceTitle "EXT 2025"]
[Source "ChessBase"]
[SourceDate "2024.10.14"]
[SourceVersion "1"]
[SourceVersionDate "2024.10.14"]
[SourceQuality "1"]
[WhiteTeam "Kazincbarcika II"]
[BlackTeam "Hidasnemeti VSC"]
[WhiteTeamCountry "HUN"]
[BlackTeamCountry "HUN"]

1. e4 c5 2. Nf3 Nc6 3. d4 cxd4 4. Nxd4 Nf6 5. Nc3 e5 6. Ndb5 d6 7. Bg5 a6 8. Na3 b5 9. Nd5 Be7 10. Nxe7 Qxe7 11. Bd3 h6 12. Be3 Be6 13. c4 bxc4 14. Nxc4 Bxc4 15. Bxc4 0-0 16. 0-0 Na5 17. Bd5 Nxd5 18. Qxd5 Nb7 19. Rac1 Rfc8 20. Rc6 Rd8 21. Rfc1 Rd7 22. Bb6 Qe6 23. Rc7 Qxd5 24. exd5 Rxc7 25. Rxc7 Nc5 26. Bxc5 dxc5 27. Rxc5 Rd8 28. Kf1 Kf8 29. Ke2 Ke7 30. b4 Kd6 31. Kd3 Rb8 32. a3 Rb6 33. Ke4 g6 34. g4 f6 35. Rc8 a5 36. Rc6+ Rxc6 37. dxc6 axb4 38. axb4 Kxc6 39. h4 1-0

[Event "HUN-chT2 Barcza 2122"]
[Site "Hungary"]
[Date "2022.02.13"]
[Round "6.10"]
[White "Kiraly, Lilla"]
[Black "Fazekas, Istvan"]
[Result "0-1"]
[WhiteElo "1666"]
[BlackElo "1585"]
[PlyCount "92"]
[EventDate "2021.10.10"]
[EventType "team-tourn"]
[EventRounds "9"]
[EventCountry "HUN"]
[SourceTitle "EXT 2025"]
[Source "ChessBase"]
[SourceDate "2024.10.14"]
[SourceVersion "1"]
[SourceVersionDate "2024.10.14"]
[SourceQuality "1"]
[WhiteTeam "Miskolc KisBocsok"]
[BlackTeam "Kazincbarcika"]
[WhiteTeamCountry "HUN"]
[BlackTeamCountry "HUN"]

1. e4 e5 2. Nc3 Nc6 3. Bc4 Bc5 4. Qg4 Qf6 5. Qg3 Nge7 6. d3 d6 7. Nf3 Be6 8. Nd5 Bxd5 9. exd5 Nd4 10. Nxd4 Bxd4 11. c3 Bb6 12. 0-0 Qg6 13. Qxg6 hxg6 14. Re1 Kd7 15. Be3 Nf5 16. Bxb6 axb6 17. a4 f6 18. b4 Ra7 19. Ra2 Rha8 20. Rea1 Ne7 21. g3 c6 22. dxc6+ bxc6 23. Kg2 d5 24. Bb3 c5 25. Rd1 cxb4 26. cxb4 Nc6 27. b5 Nb4 28. Raa1 Rc7 29. d4 Rc3 30. Rab1 Kd6 31. dxe5+ fxe5 32. Rd2 d4 33. Bf7 Rxa4 34. Bxg6 Ra2 35. Rxa2 Nxa2 36. f4 exf4 37. gxf4 Kc5 38. Rd1 Nb4 39. Kf2 d3 40. Ke3 Kxb5 41. Kd4 Rc4+ 42. Ke3 Nd5+ 43. Kd2 Nxf4 44. Bxd3 Nxd3 45. Kxd3 Rc5 46. h4 Rd5+ 0-1

[Event "HUN-chT BAZ megyei CSB 2122"]
[Site "Hungary"]
[Date "2022.01.16"]
[Round "5.3"]
[White "Fazekas, Istvan"]
[Black "Galko, Tibor"]
[Result "0-1"]
[WhiteElo "1661"]
[BlackElo "1836"]
[PlyCount "86"]
[EventDate "2021.10.17"]
[EventType "team-tourn"]
[EventRounds "9"]
[EventCountry "HUN"]
[SourceTitle "EXT 2025"]
[Source "ChessBase"]
[SourceDate "2024.10.14"]
[SourceVersion "1"]
[SourceVersionDate "2024.10.14"]
[SourceQuality "1"]
[WhiteTeam "Kazincbarcika II"]
[BlackTeam "Edelenyi VSE II"]
[WhiteTeamCountry "HUN"]
[BlackTeamCountry "HUN"]

1. e4 d5 2. exd5 Qxd5 3. Nc3 Qa5 4. Nf3 Nf6 5. g3 c6 6. d3 Bf5 7. Bg2 e6 8. Qe2 Nbd7 9. a3 Bd6 10. Be3 Nd5 11. 0-0 N7f6 12. Nxd5 Nxd5 13. b4 Qc7 14. c4 Nxe3 15. fxe3 Bg4 16. c5 Be7 17. d4 0-0 18. h3 Bh5 19. g4 Bg6 20. Ne5 Bf6 21. Nxg6 hxg6 22. b5 e5 23. d5 cxd5 24. Bxd5 e4 25. Rae1 Bh4 26. Rc1 Qg3+ 27. Qg2 Qxe3+ 28. Kh1 Rad8 29. Bxe4 Rd2 30. Qf3 Qxf3+ 31. Bxf3 Re8 32. Bxb7 Ree2 33. b6 axb6 34. cxb6 Bf6 35. Rf4 Bg5 36. Re4 Rh2+ 37. Kg1 Rdg2+ 38. Kf1 Rf2+ 39. Ke1 Bxc1 40. Bc6 Rb2 41. Re8+ Kh7 42. b7 Bf4 43. a4 Rb1# 0-1

[Event "HUN-chT BAZ megyei CSB 2122"]
[Site "Hungary"]
[Date "2021.11.14"]
[Round "2.6"]
[White "Fazekas, Istvan"]
[Black "Szabo, Akos"]
[Result "1-0"]
[WhiteElo "1598"]
[BlackElo "1767"]
[PlyCount "69"]
[EventDate "2021.10.17"]
[EventType "team-tourn"]
[EventRounds "9"]
[EventCountry "HUN"]
[SourceTitle "EXT 2025"]
[Source "ChessBase"]
[SourceDate "2024.10.14"]
[SourceVersion "1"]
[SourceVersionDate "2024.10.14"]
[SourceQuality "1"]
[WhiteTeam "Kazincbarcika II"]
[BlackTeam "DVTK II"]
[WhiteTeamCountry "HUN"]
[BlackTeamCountry "HUN"]

1. e4 e5 2. Nf3 Nc6 3. Bc4 Bc5 4. d3 d6 5. Nc3 Bg4 6. Be3 Nd4 7. Bxd4 Bxd4 8. h3 Bxf3 9. Qxf3 Nf6 10. Ne2 Bb6 11. g4 Qe7 12. Qg3 c6 13. f4 exf4 14. Qxf4 0-0-0 15. 0-0-0 d5 16. Bb3 Rhe8 17. g5 Nd7 18. Nc3 Bc7 19. Qg4 dxe4 20. Nxe4 Kb8 21. Rdf1 f6 22. h4 Rf8 23. Qe6 Qxe6 24. Bxe6 Be5 25. Bxd7 Rxd7 26. gxf6 gxf6 27. Rf5 Rg7 28. Rhf1 Rg4 29. Rxe5 Rxh4 30. Rxf6 Rg8 31. Rg5 Re8 32. Rg7 Rh2 33. Rff7 h5 34. Rxb7+ Ka8 35. Rxa7+ 1-0

[Event "HUN-chT2 Barcza 1819"]
[Site "Hungary"]
[Date "2019.04.28"]
[Round "11.11"]
[White "Fazekas, Istvan"]
[Black "Gunyecz, Zoltan"]
[Result "0-1"]
[WhiteElo "1445"]
[BlackElo "1951"]
[PlyCount "112"]
[EventDate "2018.09.23"]
[EventType "team-tourn"]
[EventRounds "11"]
[EventCountry "HUN"]
[SourceTitle "EXT 2021"]
[Source "ChessBase"]
[SourceDate "2020.10.23"]
[SourceVersion "1"]
[SourceVersionDate "2020.10.23"]
[SourceQuality "1"]
[WhiteTeam "Kazincbarcika"]
[BlackTeam "Nyiregyhaza SISE"]
[WhiteTeamCountry "HUN"]
[BlackTeamCountry "HUN"]

1. d4 Nf6 2. e3 d5 3. f4 Bf5 4. Bd3 e6 5. Nf3 a6 6. 0-0 c5 7. c3 g6 8. Bc2 Nc6 9. Bd2 Rc8 10. Be1 Qb6 11. Qc1 Bxc2 12. Qxc2 cxd4 13. cxd4 Bd6 14. Nc3 0-0 15. Qe2 Qa7 16. Ne5 b5 17. Bh4 Ne8 18. Nxb5 axb5 19. Qxb5 Nxe5 20. fxe5 Be7 21. Bxe7 Qxe7 22. a4 Ng7 23. a5 Rb8 24. Qe2 Rb3 25. Ra2 Nf5 26. Rf3 Qa7 27. g4 Ne7 28. Rf1 Nc8 29. Rfa1 Ne7 30. Rf1 Ra8 31. Rfa1 Qa6 32. Qd2 Nc6 33. Ra4 Rab8 34. Rb1 Rd3 35. Qe2 Qb5 36. Ra2 Qc4 37. Raa1 Nb4 38. Rc1 Qa6 39. Ra4 Qb5 40. Rca1 Na6 41. R4a2 Rb3 42. Qxb5 R8xb5 43. Rb1 Rxe3 44. b4 Re4 45. Rd2 Rxg4+ 46. Kf2 Rxb4 47. Rxb4 Nxb4 48. Kf3 Rg1 49. Rb2 Nc6 50. a6 Ra1 51. Rb6 Nxd4+ 52. Ke3 Nf5+ 53. Kd3 Ra3+ 54. Kc2 Ne3+ 55. Kc1 Nc4 56. Rc6 Nxe5 0-1

[Event "HUN-chT2 Barcza 1819"]
[Site "Hungary"]
[Date "2018.09.23"]
[Round "1.11"]
[White "Vagner, Gergo"]
[Black "Fazekas, Istvan"]
[Result "1-0"]
[WhiteElo "1749"]
[BlackElo "1445"]
[PlyCount "81"]
[EventDate "2018.09.23"]
[EventType "team-tourn"]
[EventRounds "11"]
[EventCountry "HUN"]
[SourceTitle "CBM 189 Extra"]
[Source "ChessBase"]
[SourceDate "2019.05.31"]
[SourceVersion "1"]
[SourceVersionDate "2019.05.31"]
[SourceQuality "1"]
[WhiteTeam "Tiszavasvar"]
[BlackTeam "Kazincbarcika"]
[WhiteTeamCountry "HUN"]
[BlackTeamCountry "HUN"]

1. Nf3 Nf6 2. d4 d5 3. Nc3 Nc6 4. e3 Bf5 5. Nh4 Bg6 6. Nxg6 hxg6 7. Be2 e6 8. Bf3 Bb4 9. Bd2 Qd6 10. h3 0-0-0 11. Nb5 Qe7 12. c3 Bd6 13. b4 a6 14. Nxd6+ Qxd6 15. a4 Nh5 16. a5 Na7 17. Qb3 f5 18. 0-0-0 Nf6 19. Kb2 g5 20. g4 fxg4 21. hxg4 Rh4 22. Qc2 Rdh8 23. Qg6 Rxh1 24. Rxh1 Rxh1 25. Bxh1 Nxg4 26. Qe8+ Qd8 27. Qxe6+ Qd7 28. Qxd7+ Kxd7 29. Bxd5 c6 30. f3 Nxe3 31. Bxc6+ Nxc6 32. Bxe3 Ke6 33. Bxg5 Kf5 34. Be3 g6 35. Kc2 Ke6 36. Kd3 Kf5 37. Kc4 Ke6 38. d5+ Kd6 39. dxc6 bxc6 40. Kd4 Ke6 41. Kc5 1-0

[Event "HUN-chT 1516 BAZ I Borbely"]
[Site "Hungary"]
[Date "2016.04.10"]
[Round "7"]
[White "Fazekas, Istvan"]
[Black "Bako, Martin"]
[Result "0-1"]
[WhiteElo "1278"]
[BlackElo "1482"]
[PlyCount "84"]
[EventDate "2015.10.11"]
[EventType "team-tourn"]
[EventRounds "7"]
[EventCountry "HUN"]
[SourceTitle "EXT 2025"]
[Source "ChessBase"]
[SourceDate "2024.10.14"]
[SourceVersion "1"]
[SourceVersionDate "2024.10.14"]
[SourceQuality "1"]
[WhiteTeam "Kazincbarcika II"]
[BlackTeam "Edelenyi VSE II"]
[WhiteTeamCountry "HUN"]
[BlackTeamCountry "HUN"]

1. e4 e5 2. Nf3 d6 3. Bc4 Nf6 4. c3 Nxe4 5. d3 Nf6 6. Be3 Be7 7. Nbd2 c6 8. 0-0 0-0 9. Re1 Bg4 10. Qc2 Nbd7 11. Ng5 d5 12. Bb3 h6 13. Ngf3 Bf5 14. Nh4 Bh7 15. Qd1 Bxd3 16. f3 Bh7 17. Rc1 Ne8 18. Bf2 Bxh4 19. Bxh4 Qxh4 20. g3 Qf6 21. Re3 Nd6 22. g4 Qg5 23. Qe2 Nf5 24. f4 exf4 25. Rf3 Qxg4+ 26. Qg2 Qxg2+ 27. Kxg2 Nh4+ 28. Kf2 Nxf3 29. Nxf3 Nc5 30. Bc2 Bxc2 31. Rxc2 Rfe8 32. c4 Rad8 33. b3 d4 34. Re2 d3 35. Rd2 Ne4+ 36. Ke1 Nxd2+ 37. Kxd2 Re2+ 38. Kc3 c5 39. b4 cxb4+ 40. Kxb4 Rf2 41. Ne5 d2 42. Kb5 d1Q 0-1

[Event "HUN-chT2 Barcza 1516"]
[Site "Hungary"]
[Date "2016.04.03"]
[Round "10.12"]
[White "Fazekas, Istvan"]
[Black "Venter, Mate"]
[Result "0-1"]
[WhiteElo "1278"]
[BlackElo "1650"]
[PlyCount "64"]
[EventDate "2015.09.13"]
[EventType "team-tourn"]
[EventRounds "11"]
[EventCountry "HUN"]
[SourceTitle "EXT 2017"]
[Source "ChessBase"]
[SourceDate "2016.10.25"]
[SourceVersion "1"]
[SourceVersionDate "2016.10.25"]
[SourceQuality "1"]
[WhiteTeam "Kazincbarcika"]
[BlackTeam "Hajduboszormeny"]
[WhiteTeamCountry "HUN"]
[BlackTeamCountry "HUN"]

1. e4 Nf6 2. Nc3 d5 3. d3 dxe4 4. Nxe4 Nxe4 5. dxe4 Qxd1+ 6. Kxd1 Nc6 7. Nf3 Bg4 8. Bb5 0-0-0+ 9. Ke1 Bxf3 10. gxf3 Nd4 11. Bd3 Nxf3+ 12. Ke2 Nd4+ 13. Kd1 g6 14. Bg5 f6 15. Bh4 Bh6 16. e5 Nf3 17. Bg3 f5 18. Ke2 Nd4+ 19. Kd1 f4 20. Bh4 g5 21. Bxg5 Bxg5 22. h4 Bh6 23. Ke1 Rd5 24. c3 Rxe5+ 25. Kd1 Nf3 26. Be2 Rd8+ 27. Kc2 Rxe2+ 28. Kb3 Nd2+ 29. Ka3 e6 30. Rad1 a5 31. f3 Bf8+ 32. Ka4 b5+ 0-1

[Event "HUN-chT 1516 BAZ I Borbely"]
[Site "Hungary"]
[Date "2016.03.06"]
[Round "6"]
[White "Fazekas, Istvan"]
[Black "Nilsson, Jan"]
[Result "1-0"]
[WhiteElo "1246"]
[BlackElo "1489"]
[PlyCount "97"]
[EventDate "2015.10.11"]
[EventType "team-tourn"]
[EventRounds "7"]
[EventCountry "HUN"]
[SourceTitle "EXT 2025"]
[Source "ChessBase"]
[SourceDate "2024.10.14"]
[SourceVersion "1"]
[SourceVersionDate "2024.10.14"]
[SourceQuality "1"]
[WhiteTeam "Kazincbarcika II"]
[BlackTeam "DVTK EMSE II"]
[WhiteTeamCountry "HUN"]
[BlackTeamCountry "HUN"]

1. e4 e5 2. Nf3 d6 3. Bc4 h6 4. d3 Nc6 5. a3 Nf6 6. h3 Be7 7. Be3 a6 8. Nc3 0-0 9. 0-0 Rb8 10. Nd5 Ra8 11. Qe2 Re8 12. Rfe1 Bf8 13. b4 Nxd5 14. Bxd5 Ne7 15. Bb3 Bd7 16. Rac1 c6 17. c4 Be6 18. Qb2 Ng6 19. Red1 Qd7 20. Kh2 b5 21. c5 Bxb3 22. Qxb3 Rec8 23. cxd6 Bxd6 24. Bc5 Qe7 25. Bxd6 Qxd6 26. Rc5 Kf8 27. Qc2 Qf6 28. Rc1 Kg8 29. Rxc6 Rxc6 30. Qxc6 Qxc6 31. Rxc6 Nf4 32. Nxe5 f6 33. g3 Ne2 34. Nd7 Nd4 35. Nb6 Ra7 36. Rc3 Kh7 37. Kg2 Rb7 38. Nd5 Ra7 39. Ne3 Ra8 40. Nc2 Ne2 41. Rc6 Nc1 42. Ne1 Nb3 43. f3 Nd4 44. Rd6 Nb3 45. d4 a5 46. bxa5 Rxa5 47. Nc2 Nd2 48. h4 Nc4 49. Rd5 1-0

[Event "HUN-chT 1516 BAZ I Borbely"]
[Site "Hungary"]
[Date "2016.01.24"]
[Round "4"]
[White "Fazekas, Istvan"]
[Black "Jankovics, Laszlo Jr"]
[Result "1/2-1/2"]
[WhiteElo "1234"]
[BlackElo "1559"]
[PlyCount "65"]
[EventDate "2015.10.11"]
[EventType "team-tourn"]
[EventRounds "7"]
[EventCountry "HUN"]
[SourceTitle "EXT 2025"]
[Source "ChessBase"]
[SourceDate "2024.10.14"]
[SourceVersion "1"]
[SourceVersionDate "2024.10.14"]
[SourceQuality "1"]
[WhiteTeam "Kazincbarcika II"]
[BlackTeam "SSASSE II"]
[WhiteTeamCountry "HUN"]
[BlackTeamCountry "HUN"]

1. e4 e6 2. Nf3 d5 3. exd5 exd5 4. d4 Nf6 5. Bd3 Bd6 6. 0-0 0-0 7. Nc3 Bg4 8. Bg5 c6 9. Re1 Nbd7 10. h3 Bh5 11. Be2 Re8 12. Nh4 Bxe2 13. Rxe2 h6 14. Nf5 Qc7 15. Nxd6 Qxd6 16. Bh4 Rxe2 17. Nxe2 Re8 18. Qd2 Ne4 19. Qe3 Ndf6 20. Bxf6 Nxf6 21. Qd2 Ne4 22. Qe3 Kf8 23. Nc3 Qb4 24. Rb1 Nxc3 25. Qxc3 Qxc3 26. bxc3 b6 27. Kf1 Re6 28. Re1 Rxe1+ 29. Kxe1 Ke7 30. Ke2 c5 31. Ke3 Ke6 32. g3 h5 33. g4 1/2-1/2

[Event "HUN-chT 1516 BAZ I Borbely"]
[Site "Hungary"]
[Date "2016.01.10"]
[Round "3"]
[White "Fazekas, Istvan"]
[Black "Mengyan, Marton"]
[Result "0-1"]
[WhiteElo "1234"]
[BlackElo "1769"]
[PlyCount "60"]
[EventDate "2015.10.11"]
[EventType "team-tourn"]
[EventRounds "7"]
[EventCountry "HUN"]
[SourceTitle "EXT 2025"]
[Source "ChessBase"]
[SourceDate "2024.10.14"]
[SourceVersion "1"]
[SourceVersionDate "2024.10.14"]
[SourceQuality "1"]
[WhiteTeam "Kazincbarcika II"]
[BlackTeam "Miskolc KisBocsok II"]
[WhiteTeamCountry "HUN"]
[BlackTeamCountry "HUN"]

1. e4 c5 2. Nf3 d6 3. Bc4 a6 4. a4 Nf6 5. Nc3 Nc6 6. d3 Bg4 7. Be3 Ne5 8. Ba2 e6 9. Qe2 Qd7 10. h3 Bxf3 11. gxf3 Nc6 12. Bb3 Na5 13. Ba2 Be7 14. Rg1 g6 15. Bh6 0-0-0 16. 0-0-0 d5 17. b3 d4 18. Nb1 b5 19. Qd2 Qc7 20. axb5 axb5 21. Bg7 Rhg8 22. Bh6 b4 23. Qf4 Qa7 24. Bg5 Nh5 25. Qxf7 Bxg5+ 26. f4 Qxf7 27. fxg5 Nf4 28. Rd2 Nc6 29. f3 Ne5 30. Rg3 Nh5 0-1

[Event "HUN-chT 1516 BAZ I Borbely"]
[Site "Hungary"]
[Date "2015.12.13"]
[Round "2"]
[White "Dome, Aladar"]
[Black "Fazekas, Istvan"]
[Result "1-0"]
[WhiteElo "1474"]
[BlackElo "1232"]
[PlyCount "95"]
[EventDate "2015.10.11"]
[EventType "team-tourn"]
[EventRounds "7"]
[EventCountry "HUN"]
[SourceTitle "EXT 2025"]
[Source "ChessBase"]
[SourceDate "2024.10.14"]
[SourceVersion "1"]
[SourceVersionDate "2024.10.14"]
[SourceQuality "1"]
[WhiteTeam "Szerencs Varos"]
[BlackTeam "Kazincbarcika II"]
[WhiteTeamCountry "HUN"]
[BlackTeamCountry "HUN"]

1. e4 e5 2. Bc4 Nc6 3. Nf3 Bc5 4. c3 h6 5. h3 Nf6 6. d3 d6 7. 0-0 0-0 8. Qe2 Qe7 9. Nbd2 a6 10. Nh2 Be6 11. Bxe6 fxe6 12. Ndf3 Qf7 13. Be3 Bxe3 14. Qxe3 Qg6 15. Nh4 Qf7 16. f4 Qh5 17. Qg3 Kh7 18. f5 Rg8 19. Qe1 Qf7 20. g4 Ne7 21. Kh1 g5 22. N4f3 Raf8 23. d4 Nc6 24. fxe6 Qe7 25. d5 Nd8 26. Rg1 c6 27. c4 b5 28. cxb5 axb5 29. Rc1 cxd5 30. exd5 Nxd5 31. Qe4+ Kh8 32. Qxd5 Qxe6 33. Qxb5 Qxa2 34. Rc7 Rf7 35. Rxf7 Nxf7 36. Nd2 Qa8+ 37. Rg2 Rb8 38. Qc4 Rxb2 39. Nhf1 Kg7 40. Kh2 Qa2 41. Qd3 d5 42. Qf5 e4 43. Rf2 Rb7 44. Ne3 d4 45. Qf6+ Kg8 46. Qxd4 Rb2 47. Nf5 Rc2 48. Qg7# 1-0

[Event "HUN-chT2 Barcza 1516"]
[Site "Hungary"]
[Date "2015.10.04"]
[Round "2.12"]
[White "Csontos, Dominik"]
[Black "Fazekas, Istvan"]
[Result "1-0"]
[WhiteElo "1572"]
[BlackElo "1232"]
[PlyCount "127"]
[EventDate "2015.09.13"]
[EventType "team-tourn"]
[EventRounds "11"]
[EventCountry "HUN"]
[SourceTitle "CBM 170 Extra"]
[Source "ChessBase"]
[SourceDate "2016.02.25"]
[SourceVersion "1"]
[SourceVersionDate "2016.02.25"]
[SourceQuality "1"]
[WhiteTeam "Mezokovesd"]
[BlackTeam "Kazincbarcika"]
[WhiteTeamCountry "HUN"]
[BlackTeamCountry "HUN"]

1. e4 e5 2. Nf3 Nc6 3. Bc4 Bc5 4. Nc3 d6 5. h3 Be6 6. Bxe6 fxe6 7. d3 Nf6 8. 0-0 0-0 9. Na4 Bd4 10. c3 Bb6 11. Nxb6 axb6 12. Qe2 Qe7 13. d4 exd4 14. Nxd4 Ra4 15. Nxc6 bxc6 16. Bg5 h6 17. Bxf6 Qxf6 18. b3 Ra5 19. c4 Rfa8 20. f4 Qd4+ 21. Kh1 d5 22. exd5 exd5 23. Qe6+ Kh8 24. Qxc6 dxc4 25. bxc4 Qc5 26. Qxc5 Rxc5 27. Rfc1 Ra4 28. g3 Rcxc4 29. Rxc4 Rxc4 30. Rf1 Rc3 31. Kg2 Rc2+ 32. Rf2 Rxf2+ 33. Kxf2 Kg8 34. Ke3 Kf7 35. Kd4 c5+ 36. Kd5 Kf6 37. g4 g5 38. f5 h5 39. a4 hxg4 40. hxg4 Ke7 41. a5 bxa5 42. Kxc5 Kf6 43. Kb5 a4 44. Kxa4 Ke5 45. Kb4 Kd6 46. Kc4 Kc6 47. Kd4 Kd6 48. Ke4 Kd7 49. Ke5 Ke8 50. f6 Kf8 51. Kf5 Kf7 52. Kxg5 Kf8 53. Kf5 Kf7 54. g5 Kf8 55. g6 Ke8 56. Ke6 Kf8 57. f7 Kg7 58. Ke7 Kxg6 59. f8Q Kg5 60. Qf3 Kg6 61. Qf4 Kg7 62. Qf5 Kh8 63. Qg5 Kh7 64. Kf7 1-0